[Event "WchT Seniors 65"]
[Site "Prague"]
[Date "2020.03.12"]
[Round "7.3"]
[White "Baumbach, Friedrich"]
[Black "Kierzek, Matthias"]
[Result "1/2-1/2"]
[WhiteElo "2130"]
[BlackElo "2217"]
[PlyCount "43"]
[EventDate "2020.03.06"]
[EventType "team-swiss"]
[EventRounds "7"]
[EventCountry "CZE"]
[SourceTitle "CBM 195 Extra"]
[Source "ChessBase"]
[SourceDate "2020.05.31"]
[SourceVersion "1"]
[SourceVersionDate "2020.05.31"]
[SourceQuality "1"]
[WhiteTeam "Germany 65 VII"]
[BlackTeam "Germany 65 III"]
[WhiteTeamCountry "GER"]
[BlackTeamCountry "GER"]

1. d4 d5 2. c4 c6 3. Nf3 Nf6 4. Nc3 dxc4 5. a4 Bf5 6. e3 e6 7. Bxc4 Bb4 8. 0-0 Nbd7 9. Qb3 a5 10. Na2 Bd6 11. Nc3 0-0 12. Re1 Ne4 13. Nxe4 Bxe4 14. Nd2 Bd5 15. e4 Bxc4 16. Nxc4 Bb4 17. Bd2 Bxd2 18. Nxd2 Qb6 19. Qc3 Rfd8 20. Nc4 Qa7 21. Red1 Nf6 22. Qe3 1/2-1/2

[Event "WchT Seniors 65"]
[Site "Prague"]
[Date "2020.03.11"]
[Round "6.3"]
[White "Hammar, Bengt Erik"]
[Black "Baumbach, Friedrich"]
[Result "1/2-1/2"]
[WhiteElo "2142"]
[BlackElo "2130"]
[PlyCount "58"]
[EventDate "2020.03.06"]
[EventType "team-swiss"]
[EventRounds "7"]
[EventCountry "CZE"]
[SourceTitle "CBM 195 Extra"]
[Source "ChessBase"]
[SourceDate "2020.05.31"]
[SourceVersion "1"]
[SourceVersionDate "2020.05.31"]
[SourceQuality "1"]
[WhiteTeam "Sweden 65"]
[BlackTeam "Germany 65 VII"]
[WhiteTeamCountry "SWE"]
[BlackTeamCountry "GER"]

1. e4 c5 2. Nf3 Nc6 3. d4 cxd4 4. Nxd4 g6 5. c4 Bg7 6. Nc2 Nf6 7. Nc3 d6 8. Be2 0-0 9. Be3 Be6 10. f3 Rc8 11. Qd2 Nd7 12. Rb1 a6 13. Nd5 Nce5 14. Na3 f5 15. Nf4 Bf7 16. exf5 gxf5 17. 0-0 Nf6 18. b3 Qc7 19. Rbc1 Rfd8 20. Nd5 Bxd5 21. cxd5 Qd7 22. Bb6 Rxc1 23. Rxc1 Rc8 24. Rxc8+ Qxc8 25. Nc4 Ned7 26. Bf2 b5 27. Na5 Qc7 28. a4 bxa4 29. bxa4 Nb6 1/2-1/2

[Event "WchT Seniors 65"]
[Site "Prague"]
[Date "2020.03.06"]
[Round "1.15"]
[White "Modrova, Hana"]
[Black "Baumbach, Friedrich"]
[Result "0-1"]
[WhiteElo "1810"]
[BlackElo "2130"]
[PlyCount "50"]
[EventDate "2020.03.06"]
[EventType "team-swiss"]
[EventRounds "7"]
[EventCountry "CZE"]
[SourceTitle "CBM 195 Extra"]
[Source "ChessBase"]
[SourceDate "2020.05.31"]
[SourceVersion "1"]
[SourceVersionDate "2020.05.31"]
[SourceQuality "1"]
[WhiteTeam "Czech Republic 65 (W)"]
[BlackTeam "Germany 65 VII"]
[WhiteTeamCountry "CZE"]
[BlackTeamCountry "GER"]

1. d4 d5 2. Nf3 Nf6 3. Bg5 Ne4 4. Bh4 c6 5. Nbd2 Qb6 6. Qc1 Nxd2 7. Kxd2 e5 8. dxe5 Bg4 9. e3 Bxf3 10. Bg3 Be4 11. c3 Nd7 12. f3 Bg6 13. b4 a5 14. a3 Be7 15. h4 h5 16. Bf4 0-0 17. g4 axb4 18. axb4 c5 19. gxh5 Bxh5 20. b5 c4 21. Rxa8 Rxa8 22. Qb1 Bg6 23. e4 dxe4 24. Bxc4 e3+ 25. Bxe3 Bxb1 0-1

[Event "WchT Seniors 65"]
[Site "Rhodes"]
[Date "2019.04.19"]
[Round "4.5"]
[White "Baumbach, Friedrich"]
[Black "Maryasin, Boris Feliksovich"]
[Result "1/2-1/2"]
[WhiteElo "2089"]
[BlackElo "2297"]
[PlyCount "61"]
[EventDate "2019.04.16"]
[EventType "team-swiss"]
[EventRounds "9"]
[EventCountry "GRE"]
[SourceTitle "CBM 190 Extra"]
[Source "ChessBase"]
[SourceDate "2019.07.15"]
[SourceVersion "1"]
[SourceVersionDate "2019.07.15"]
[SourceQuality "1"]
[WhiteTeam "Stiftung BSW/DBAG"]
[BlackTeam "Israel"]
[WhiteTeamCountry "GER"]
[BlackTeamCountry "ISR"]

1. d4 Nf6 2. c4 e6 3. Nf3 d5 4. Nc3 dxc4 5. e3 a6 6. Bxc4 b5 7. Bd3 Bb7 8. 0-0 c5 9. dxc5 Bxc5 10. Qe2 Nbd7 11. e4 b4 12. Na4 Bd6 13. Bg5 Qa5 14. b3 Ne5 15. Bxf6 gxf6 16. Nxe5 Qxe5 17. g3 Rd8 18. Nb2 Bc5 19. Rac1 0-0 20. Rc4 a5 21. Rc2 Bd4 22. Nc4 Qg5 23. Kg2 f5 24. h4 Qg6 25. f3 fxe4 26. Bxe4 Bxe4 27. Qxe4 Rd5 28. Qxg6+ hxg6 29. Rd1 Rfd8 30. Rcd2 e5 31. Re2 1/2-1/2

[Event "WchT Seniors 65"]
[Site "Rhodes"]
[Date "2019.04.18"]
[Round "3.7"]
[White "Van Herck, Marcel"]
[Black "Baumbach, Friedrich"]
[Result "1/2-1/2"]
[WhiteElo "2066"]
[BlackElo "2089"]
[PlyCount "107"]
[EventDate "2019.04.16"]
[EventType "team-swiss"]
[EventRounds "9"]
[EventCountry "GRE"]
[SourceTitle "CBM 190 Extra"]
[Source "ChessBase"]
[SourceDate "2019.07.15"]
[SourceVersion "1"]
[SourceVersionDate "2019.07.15"]
[SourceQuality "1"]
[WhiteTeam "Belgium"]
[BlackTeam "Stiftung BSW/DBAG"]
[WhiteTeamCountry "BEL"]
[BlackTeamCountry "GER"]

1. d4 d5 2. c4 e6 3. Nc3 Nf6 4. Nf3 Be7 5. Bf4 0-0 6. e3 c5 7. dxc5 Qa5 8. Nd2 dxc4 9. Nxc4 Qxc5 10. Bd6 Bxd6 11. Qxd6 Na6 12. Be2 Bd7 13. Qxc5 Nxc5 14. Ne5 Rfd8 15. 0-0 Be8 16. Rfd1 Kf8 17. Bf3 a5 18. Rd4 Rab8 19. Rad1 Ke7 20. Rxd8 Rxd8 21. Rxd8 Kxd8 22. Nc4 a4 23. Nd6 Kc7 24. Nxe8+ Nxe8 25. Bd1 a3 26. Nb5+ Kc6 27. Nxa3 b5 28. Kf1 Nd6 29. Ke2 e5 30. f3 b4 31. Nb1 e4 32. Bc2 f5 33. Nd2 Kd5 34. a3 bxa3 35. bxa3 Nb5 36. Nb1 Kc4 37. Kd2 Nd6 38. Nc3 Nb3+ 39. Bxb3+ Kxb3 40. Nd5 Nc4+ 41. Ke2 Nxa3 42. Ne7 g6 43. Ng8 Nb5 44. Nf6 Nc3+ 45. Kd2 h6 46. Ng8 Nb1+ 47. Ke1 Kc2 48. fxe4 fxe4 49. Nxh6 Kd3 50. Ng4 g5 51. g3 Kc4 52. Nf6 Kd3 53. Kf2 Nc3 54. Ng4 1/2-1/2

[Event "MVP-ch Seniors op 18th"]
[Site "Ostseebad Binz"]
[Date "2018.12.03"]
[Round "6"]
[White "Baumbach, Friedrich"]
[Black "Zschunke, Werner"]
[Result "1/2-1/2"]
[WhiteElo "2101"]
[BlackElo "1989"]
[PlyCount "116"]
[EventDate "2018.11.28"]
[EventType "swiss"]
[EventRounds "9"]
[EventCountry "GER"]
[SourceTitle "CBM 188 Extra"]
[Source "ChessBase"]
[SourceDate "2019.02.26"]
[SourceVersion "1"]
[SourceVersionDate "2019.02.26"]
[SourceQuality "1"]

1. d4 Nf6 2. c4 e6 3. Nf3 b6 4. g3 Ba6 5. b3 Bb4+ 6. Bd2 Be7 7. Bg2 d5 8. Qc2 Nbd7 9. 0-0 c5 10. dxc5 Nxc5 11. b4 Ncd7 12. cxd5 Nxd5 13. Nd4 Bf6 14. Bxd5 exd5 15. Bc3 Rc8 16. Qd2 0-0 17. Na3 Re8 18. Rac1 Ne5 19. b5 Bb7 20. Rfd1 Nc4 21. Nxc4 dxc4 22. Nf5 Rc5 23. Qxd8 Rxd8 24. Rxd8+ Bxd8 25. Rd1 Rd5 26. Rxd5 Bxd5 27. Nxg7 Be4 28. Ne8 Be7 29. Kf1 Bb1 30. Nf6+ Bxf6 31. Bxf6 Bxa2 32. Be5 c3 33. Bxc3 Bc4 34. Be5 Bxb5 35. Bb8 a5 36. Bc7 a4 37. Bxb6 Kg7 38. Bc5 Kf6 39. f3 Kf5 40. Kf2 Bc4 41. g4+ Kg6 42. e4 h5 43. Kg3 Bd3 44. Kf4 hxg4 45. fxg4 Bc4 46. h4 Be2 47. Be7 Bd1 48. Bf8 Bb3 49. Ba3 Bd1 50. h5+ Kh6 51. Kf5 Be2 52. Bc1+ Kh7 53. h6 a3 54. g5 a2 55. Bb2 Bh5 56. Kf6 Bg6 57. e5 Bh5 58. Ba1 Bg6 1/2-1/2

[Event "MVP-ch Seniors op 18th"]
[Site "Ostseebad Binz"]
[Date "2018.11.28"]
[Round "1"]
[White "Schuetze, Manfred"]
[Black "Baumbach, Friedrich"]
[Result "1/2-1/2"]
[WhiteElo "1806"]
[BlackElo "2101"]
[PlyCount "127"]
[EventDate "2018.11.28"]
[EventType "swiss"]
[EventRounds "9"]
[EventCountry "GER"]
[SourceTitle "CBM 188 Extra"]
[Source "ChessBase"]
[SourceDate "2019.02.26"]
[SourceVersion "1"]
[SourceVersionDate "2019.02.26"]
[SourceQuality "1"]

1. e4 c5 2. Nc3 Nc6 3. Bb5 g6 4. Nge2 Bg7 5. 0-0 Nd4 6. Bc4 d6 7. Nxd4 cxd4 8. Ne2 Nf6 9. d3 Nd7 10. c3 dxc3 11. bxc3 0-0 12. Be3 Qc7 13. f3 Ne5 14. Bb3 b6 15. Rc1 Ba6 16. c4 Rac8 17. Kh1 Rfd8 18. f4 Nc6 19. Qd2 Na5 20. Ba4 e6 21. Ng3 f5 22. exf5 exf5 23. Qf2 Bb7 24. Ne2 Bc6 25. Bd1 Qe7 26. Bd4 Re8 27. Bxg7 Kxg7 28. Nd4 Qf6 29. Nxc6 Nxc6 30. Ba4 Re7 31. Bxc6 Rxc6 32. Rfe1 Rcc7 33. Kg1 Kf7 34. Kf1 Rxe1+ 35. Rxe1 Re7 36. Rxe7+ Kxe7 37. d4 Kd7 38. Qd2 Kc6 39. g3 d5 40. Qd3 Qe6 41. c5 Qe4 42. Qa6 Qxd4 43. cxb6 axb6 44. Qc8+ Kb5 45. Qd7+ Kb4 46. Qxh7 Qa1+ 47. Kg2 Qb2+ 48. Kh3 Qf6 49. Qc7 d4 50. Qc2 Qd6 51. Qb3+ Ka5 52. Kg2 b5 53. Kf2 d3 54. Qc3+ b4 55. Qe5+ Qxe5 56. fxe5 Kb5 57. Ke3 Kc5 58. Kxd3 Kd5 59. e6 Kxe6 60. Kc4 g5 61. Kd4 Kd6 62. h4 f4 63. hxg5 fxg3 64. Ke3 1/2-1/2

[Event "EU-chT Seniors 65"]
[Site "Walbrzych"]
[Date "2018.04.14"]
[Round "1.3"]
[White "Kierzek, Matthias"]
[Black "Baumbach, Friedrich"]
[Result "1-0"]
[WhiteElo "2272"]
[BlackElo "2172"]
[PlyCount "45"]
[EventDate "2018.04.14"]
[EventType "team-swiss"]
[EventRounds "9"]
[EventCountry "POL"]
[SourceTitle "CBM 184 Extra"]
[Source "ChessBase"]
[SourceDate "2018.06.28"]
[SourceVersion "1"]
[SourceVersionDate "2018.06.28"]
[SourceQuality "1"]
[WhiteTeam "Germany 65"]
[BlackTeam "Germany BSW/DBAG 65"]
[WhiteTeamCountry "GER"]
[BlackTeamCountry "GER"]

1. d4 d5 2. c4 e6 3. Nc3 Nf6 4. Nf3 Be7 5. Bf4 0-0 6. e3 Nbd7 7. c5 c6 8. h3 b6 9. b4 a5 10. a3 Bb7 11. Bd3 Qc8 12. 0-0 Ba6 13. Na4 Bb5 14. Bxb5 cxb5 15. Nc3 bxc5 16. dxc5 Nxc5 17. bxc5 Qxc5 18. Qd3 Nh5 19. Nxb5 Nxf4 20. exf4 a4 21. Ne5 Rfb8 22. Rfc1 Qxb5 23. Rc8+ 1-0

[Event "MVP-ch Seniors op 17th"]
[Site "Binz"]
[Date "2017.12.05"]
[Round "7.2"]
[White "Baumbach, Friedrich"]
[Black "Dahlhaus, Friedhelm"]
[Result "1-0"]
[WhiteElo "2152"]
[BlackElo "2055"]
[PlyCount "81"]
[EventDate "2017.11.29"]
[EventType "swiss"]
[EventRounds "9"]
[EventCountry "GER"]
[SourceTitle "EXT 2019"]
[Source "ChessBase"]
[SourceDate "2018.10.10"]
[SourceVersion "1"]
[SourceVersionDate "2018.10.10"]
[SourceQuality "1"]

1. d4 d5 2. c4 c6 3. Nf3 Nf6 4. Nc3 dxc4 5. a4 Bf5 6. e3 e6 7. Bxc4 Bb4 8. 0-0 Nbd7 9. Qb3 Qb6 10. e4 Bg4 11. Be3 Bxc3 12. Qxc3 Nxe4 13. Qc2 Bxf3 14. gxf3 Nd6 15. d5 Qb4 16. dxe6 Qxc4 17. exd7+ Kxd7 18. Qd2 Rad8 19. Bxa7 Kc8 20. Bb6 Rd7 21. Rfd1 Re8 22. Rac1 Qa6 23. Bc5 Red8 24. Qf4 Ne8 25. Rxd7 Rxd7 26. Qf5 Qe2 27. b4 g6 28. Qe4 Qxe4 29. fxe4 Nf6 30. f3 Rd2 31. b5 Kd7 32. bxc6+ bxc6 33. Ra1 Kc7 34. a5 Kb7 35. a6+ Ka8 36. Be3 Re2 37. Bd4 Nd7 38. Rc1 Rd2 39. Bf2 Rd6 40. Rb1 Nb8 41. Rxb8+ 1-0

[Event "MVP-ch Seniors op 17th"]
[Site "Binz"]
[Date "2017.12.03"]
[Round "5.5"]
[White "Baumbach, Friedrich"]
[Black "Manthey, Juergen"]
[Result "1-0"]
[WhiteElo "2152"]
[BlackElo "2045"]
[PlyCount "107"]
[EventDate "2017.11.29"]
[EventType "swiss"]
[EventRounds "9"]
[EventCountry "GER"]
[SourceTitle "EXT 2019"]
[Source "ChessBase"]
[SourceDate "2018.10.10"]
[SourceVersion "1"]
[SourceVersionDate "2018.10.10"]
[SourceQuality "1"]

1. d4 f5 2. Nf3 Nf6 3. g3 g6 4. Bg2 Bg7 5. 0-0 0-0 6. c4 d6 7. Nc3 c6 8. b4 Ne4 9. Qb3 Nxc3 10. Qxc3 c5 11. Be3 cxd4 12. Nxd4 e5 13. Nb3 Nc6 14. b5 e4 15. Nd4 Ne5 16. f3 exf3 17. exf3 Bd7 18. f4 Ng4 19. Bxb7 Nxe3 20. Qxe3 Qb6 21. Bd5+ Kh8 22. Rad1 Rae8 23. Qf2 Re7 24. Nc6 Re3 25. Rfe1 Rfe8 26. Rxe3 Rxe3 27. Kg2 Bf6 28. a4 Qc5 29. Re1 Rxe1 30. Qxe1 Kg7 31. Qf2 Bxc6 32. bxc6 Qxf2+ 33. Kxf2 Bd8 34. Ke2 h6 35. Kd3 Kf6 36. c5 dxc5 37. Kc4 Ke7 38. Kxc5 Bb6+ 39. Kb5 Kd6 40. Bf7 g5 41. fxg5 hxg5 42. Bg6 f4 43. gxf4 gxf4 44. Be4 Bf2 45. Kc4 Bh4 46. Kd3 Bd8 47. Ke2 Kc5 48. h4 Kd6 49. h5 Ke5 50. Kf3 Bc7 51. h6 Kf6 52. Kg4 Bd6 53. h7 Kg7 54. Kf5 1-0

[Event "MVP-ch Seniors op 17th"]
[Site "Binz"]
[Date "2017.12.01"]
[Round "3.14"]
[White "Baumbach, Friedrich"]
[Black "Bachmann, Rolf"]
[Result "1-0"]
[WhiteElo "2152"]
[BlackElo "1954"]
[PlyCount "39"]
[EventDate "2017.11.29"]
[EventType "swiss"]
[EventRounds "9"]
[EventCountry "GER"]
[SourceTitle "EXT 2019"]
[Source "ChessBase"]
[SourceDate "2018.10.10"]
[SourceVersion "1"]
[SourceVersionDate "2018.10.10"]
[SourceQuality "1"]

1. d4 d5 2. c4 c6 3. Nf3 Nf6 4. Nc3 e6 5. e3 b6 6. cxd5 cxd5 7. Ne5 Be7 8. Bb5+ Nfd7 9. e4 Bb7 10. exd5 exd5 11. Qg4 Bf6 12. 0-0 Bxe5 13. dxe5 Kf8 14. Re1 Nc5 15. Bg5 Qc7 16. Rac1 a6 17. Bf1 Qd7 18. Qb4 Qe6 19. Na4 Nbd7 20. Nxb6 1-0

[Event "GER-chT Seniors 26th"]
[Site "Templin"]
[Date "2017.09.27"]
[Round "3.7"]
[White "Herbrechtsmeier, Christof"]
[Black "Baumbach, Friedrich"]
[Result "1/2-1/2"]
[WhiteElo "2270"]
[BlackElo "2156"]
[PlyCount "145"]
[EventDate "2017.09.25"]
[EventType "team-swiss"]
[EventRounds "7"]
[EventCountry "GER"]
[SourceTitle "EXT 2019"]
[Source "ChessBase"]
[SourceDate "2018.10.10"]
[SourceVersion "1"]
[SourceVersionDate "2018.10.10"]
[SourceQuality "1"]
[WhiteTeam "Baden"]
[BlackTeam "Berlin II"]
[WhiteTeamCountry "GER"]
[BlackTeamCountry "GER"]

1. e4 c5 2. Nf3 Nf6 3. e5 Nd5 4. Nc3 Nxc3 5. dxc3 d5 6. exd6 exd6 7. Bc4 Be7 8. Bf4 0-0 9. Qd2 Bg4 10. Bd5 Nc6 11. 0-0-0 Qd7 12. h3 Bxf3 13. Bxf3 Rad8 14. Qd5 Qe6 15. Rhe1 Qf6 16. Be3 Rc8 17. Be4 b5 18. h4 h6 19. g4 Qe5 20. g5 hxg5 21. Bxg5 Qxd5 22. Bxd5 Bxg5+ 23. hxg5 g6 24. Bxc6 Rxc6 25. Re7 a6 26. Rd7 Re8 27. R7xd6 Re6 28. Rxc6 Rxc6 29. Rd5 f6 30. Kd2 fxg5 31. Rxg5 Kf7 32. c4 Kf6 33. Rd5 g5 34. cxb5 axb5 35. a3 b4 36. axb4 cxb4 37. Kd3 Rb6 38. Rc5 Rd6+ 39. Ke3 Rb6 40. Kf3 Rd6 41. c3 bxc3 42. bxc3 Rd2 43. Ke3 Rc2 44. f3 Rc1 45. Kf2 Rc2+ 46. Ke3 Rc1 47. Rc8 Ke5 48. Kd2 Rf1 49. Rf8 Ke6 50. Re8+ Kf5 51. Ke2 Rc1 52. Re3 Kf4 53. Re4+ Kf5 54. c4 Rc3 55. Kf2 Rc1 56. Kg2 Rc2+ 57. Kg3 Rc1 58. Rd4 Rg1+ 59. Kf2 Rc1 60. Ke3 Rc3+ 61. Ke2 Ke6 62. Re4+ Kf5 63. Rg4 Kf6 64. Kf2 Kf5 65. Kg3 Rc1 66. Rd4 Rg1+ 67. Kf2 Rc1 68. Ke3 Rc3+ 69. Ke2 Ke6 70. Kf2 Rc1 71. Kg3 Rg1+ 72. Kh3 Rh1+ 73. Kg2 1/2-1/2

[Event "GER-chT Seniors 26th"]
[Site "Templin"]
[Date "2017.09.25"]
[Round "1.3"]
[White "Baumbach, Friedrich"]
[Black "Jagdhuber, Hans"]
[Result "1/2-1/2"]
[WhiteElo "2156"]
[BlackElo "2014"]
[PlyCount "65"]
[EventDate "2017.09.25"]
[EventType "team-swiss"]
[EventRounds "7"]
[EventCountry "GER"]
[SourceTitle "EXT 2019"]
[Source "ChessBase"]
[SourceDate "2018.10.10"]
[SourceVersion "1"]
[SourceVersionDate "2018.10.10"]
[SourceQuality "1"]
[WhiteTeam "Berlin II"]
[BlackTeam "Blindenschachbund"]
[WhiteTeamCountry "GER"]
[BlackTeamCountry "GER"]

1. d4 Nf6 2. c4 e6 3. Nf3 b6 4. a3 Bb7 5. e3 c5 6. Nc3 Be7 7. Be2 0-0 8. 0-0 cxd4 9. exd4 d5 10. Bg5 Nbd7 11. Rc1 h6 12. Bh4 dxc4 13. Bxc4 Rc8 14. Ba2 Ne4 15. Nxe4 Rxc1 16. Qxc1 Bxh4 17. Qf4 Be7 18. Nc3 Nf6 19. Ne5 Nd5 20. Qf3 Qa8 21. Nxd5 Bxd5 22. Bxd5 Qxd5 23. Qxd5 exd5 24. Rc1 Bd6 25. Nc6 a6 26. Na7 Re8 27. Kf1 Bb8 28. Rc8 Kf8 29. Rxe8+ Kxe8 30. Nc6 Bd6 31. Ke2 Kd7 32. Ne5+ Ke6 33. Nd3 1/2-1/2

[Event "Marianske Lazne op 16th"]
[Site "Marianske Lazne"]
[Date "2017.01.25"]
[Round "6"]
[White "Baumbach, Friedrich"]
[Black "Zvereva, Margarita"]
[Result "1-0"]
[WhiteElo "2235"]
[BlackElo "1804"]
[PlyCount "101"]
[EventDate "2017.01.21"]
[EventType "swiss"]
[EventRounds "9"]
[EventCountry "CZE"]
[SourceTitle "CBM 176 Extra"]
[Source "ChessBase"]
[SourceDate "2017.03.02"]
[SourceVersion "1"]
[SourceVersionDate "2017.03.02"]
[SourceQuality "1"]

1. d4 d5 2. c4 e6 3. Nc3 Nf6 4. cxd5 exd5 5. Bg5 c6 6. e3 Be7 7. Bd3 Bg4 8. f3 Bh5 9. Nge2 Bg6 10. e4 dxe4 11. fxe4 Nxe4 12. Be3 Nxc3 13. bxc3 Bxd3 14. Qxd3 0-0 15. 0-0 Nd7 16. Rf3 Nf6 17. Raf1 Ng4 18. Bd2 c5 19. Rg3 Nf6 20. Bh6 Ne8 21. d5 Qb6 22. Qd2 Rd8 23. c4 Rd6 24. Bf4 Rg6 25. Rb3 Qa6 26. Qd3 b6 27. Be5 Bd6 28. Ra3 Qb7 29. Bf4 Qd7 30. Ng3 Qg4 31. h3 Qd7 32. Qf5 Qxf5 33. Nxf5 Rf6 34. Bg5 Rg6 35. Ne7+ Bxe7 36. Bxe7 a5 37. Bxf8 Kxf8 38. Rb3 Nc7 39. Rfb1 Na8 40. Re1 Rd6 41. Rbe3 Rd8 42. Re7 f6 43. Rb7 h5 44. Ree7 h4 45. Rxg7 f5 46. Rh7 Kg8 47. Rbg7+ Kf8 48. Rh8+ Kxg7 49. Rxd8 Nc7 50. Rd7+ Kf6 51. Rxc7 1-0

[Event "GER-chT Seniors 25th"]
[Site "Magdeburg"]
[Date "2016.10.14"]
[Round "6.7"]
[White "Herbrechtsmeier, Christof"]
[Black "Baumbach, Friedrich"]
[Result "1/2-1/2"]
[WhiteElo "2249"]
[BlackElo "2228"]
[PlyCount "56"]
[EventDate "2016.10.09"]
[EventType "team-swiss"]
[EventRounds "7"]
[EventCountry "GER"]
[SourceTitle "EXT 2019"]
[Source "ChessBase"]
[SourceDate "2018.10.10"]
[SourceVersion "1"]
[SourceVersionDate "2018.10.10"]
[SourceQuality "1"]
[WhiteTeam "Baden"]
[BlackTeam "Berlin"]
[WhiteTeamCountry "GER"]
[BlackTeamCountry "GER"]

1. e4 c5 2. Nf3 Nc6 3. d4 cxd4 4. Nxd4 g6 5. c4 Nf6 6. Nc3 d6 7. Be2 Nxd4 8. Qxd4 Bg7 9. Bg5 0-0 10. Qe3 Qb6 11. Qd2 Be6 12. 0-0 Rfc8 13. b3 Qa5 14. Rad1 Kf8 15. f4 Qc5+ 16. Kh1 Ng4 17. Bxg4 Bxg4 18. Rc1 Be6 19. f5 Bd7 20. f6 exf6 21. Bxf6 Be6 22. Bxg7+ Kxg7 23. Nd5 Bxd5 24. cxd5 Qb5 25. Qd4+ Kg8 26. Rc4 Qd7 27. Rfc1 Rxc4 28. Rxc4 Qe7 1/2-1/2

[Event "GER-chT Seniors 25th"]
[Site "Magdeburg"]
[Date "2016.10.13"]
[Round "5.11"]
[White "Baumbach, Friedrich"]
[Black "Gregor, George"]
[Result "1-0"]
[WhiteElo "2228"]
[BlackElo "2237"]
[PlyCount "109"]
[EventDate "2016.10.09"]
[EventType "team-swiss"]
[EventRounds "7"]
[EventCountry "GER"]
[SourceTitle "EXT 2019"]
[Source "ChessBase"]
[SourceDate "2018.10.10"]
[SourceVersion "1"]
[SourceVersionDate "2018.10.10"]
[SourceQuality "1"]
[WhiteTeam "Berlin"]
[BlackTeam "Sachsen Anhalt"]
[WhiteTeamCountry "GER"]
[BlackTeamCountry "GER"]

1. d4 Nf6 2. c4 g6 3. Nc3 Bg7 4. e4 d6 5. Nf3 0-0 6. Be2 e5 7. 0-0 Nc6 8. d5 Ne7 9. b4 a5 10. Ba3 b6 11. bxa5 Nd7 12. Nb5 Rxa5 13. Bb4 Ra8 14. a4 Ba6 15. Qc2 Bxb5 16. cxb5 Qb8 17. a5 bxa5 18. Bxa5 Ra7 19. Bd2 Qb7 20. Be3 Nb6 21. Ra6 f5 22. Nd2 fxe4 23. Bxb6 Rxa6 24. bxa6 Qxb6 25. Nxe4 Nxd5 26. Bc4 c6 27. Nxd6 Kh8 28. Qb3 Qd4 29. Qd3 Qc5 30. Ne4 Qa5 31. h3 Nb6 32. Ng5 Nxc4 33. Qxc4 Qd5 34. Rc1 Bh6 35. h4 Bxg5 36. hxg5 Qd2 37. Qc2 Qd4 38. Qc5 Qxc5 39. Rxc5 Rc8 40. Rxe5 Ra8 41. Ra5 Kg7 42. f4 Kf7 43. Kf2 Ke6 44. Ke3 c5 45. Ke4 Ra7 46. g4 Kd6 47. f5 Kc6 48. Ra1 Kd6 49. Ra2 Re7+ 50. Kf4 Ra7 51. f6 Ke6 52. Ke4 Kd6 53. Kd3 Kd5 54. Kc3 Kc6 55. Kc4 1-0

[Event "GER-chT Seniors 25th"]
[Site "Magdeburg"]
[Date "2016.10.10"]
[Round "2.15"]
[White "Fecht, Hans Peter"]
[Black "Baumbach, Friedrich"]
[Result "1-0"]
[WhiteElo "2148"]
[BlackElo "2228"]
[PlyCount "67"]
[EventDate "2016.10.09"]
[EventType "team-swiss"]
[EventRounds "7"]
[EventCountry "GER"]
[SourceTitle "EXT 2019"]
[Source "ChessBase"]
[SourceDate "2018.10.10"]
[SourceVersion "1"]
[SourceVersionDate "2018.10.10"]
[SourceQuality "1"]
[WhiteTeam "Rheinland Pfalz"]
[BlackTeam "Berlin"]
[WhiteTeamCountry "GER"]
[BlackTeamCountry "GER"]

1. Nf3 d5 2. b3 Bf5 3. Bb2 e6 4. g3 Nf6 5. Bg2 Be7 6. 0-0 0-0 7. c4 c6 8. d3 h6 9. Nbd2 a5 10. Ne5 Nbd7 11. Ndf3 a4 12. Qc2 Qb6 13. Nxd7 Nxd7 14. Ne5 Rfd8 15. Rfc1 Bg5 16. Nxd7 Rxd7 17. c5 Qb5 18. f4 Be7 19. Bd4 Bf6 20. Bxf6 gxf6 21. Qb2 axb3 22. axb3 Rxa1 23. Qxa1 Kg7 24. Bf3 Bg6 25. Qa8 Qxb3 26. Qc8 Qa3 27. Rc2 Qb3 28. Rc1 Re7 29. Ra1 Qc3 30. Ra8 Qxc5+ 31. Kg2 Bh7 32. Qh8+ Kg6 33. Rg8+ Bxg8 34. Qxg8+ 1-0

[Event "WchT Seniors 65"]
[Site "Radebeul"]
[Date "2016.07.04"]
[Round "9.9"]
[White "Krauseneck, Peter"]
[Black "Baumbach, Friedrich"]
[Result "0-1"]
[WhiteElo "2186"]
[BlackElo "2193"]
[PlyCount "88"]
[EventDate "2016.06.26"]
[EventType "team-swiss"]
[EventRounds "9"]
[EventCountry "GER"]
[SourceTitle "CBM 173 Extra"]
[Source "ChessBase"]
[SourceDate "2016.08.29"]
[SourceVersion "1"]
[SourceVersionDate "2016.08.29"]
[SourceQuality "1"]
[WhiteTeam "Eck Gunners"]
[BlackTeam "Stiftung BSW/DBAG"]
[WhiteTeamCountry "GER"]
[BlackTeamCountry "GER"]

1. d4 d5 2. Nc3 Nf6 3. Bf4 Bf5 4. f3 e6 5. e3 Bd6 6. Nge2 0-0 7. g4 Bg6 8. h4 h5 9. g5 Ne8 10. Qd2 c5 11. Bxd6 Nxd6 12. Nf4 cxd4 13. exd4 Nc6 14. 0-0-0 Nf5 15. Nce2 Qd6 16. Nxg6 fxg6 17. f4 Rac8 18. Kb1 b6 19. c3 b5 20. Rh3 b4 21. Nc1 bxc3 22. bxc3 Rb8+ 23. Ka1 Na5 24. Bd3 Nc4 25. Bxc4 dxc4 26. Ne2 Ne7 27. Rb1 Rxb1+ 28. Kxb1 Qc6 29. Rh2 Qf3 30. Qc2 Rb8+ 31. Ka1 Nd5 32. Qd2 Qe4 33. Qc1 Ne3 34. Ng1 Nd5 35. Rb2 Rxb2 36. Kxb2 Nxf4 37. Ka3 Nd5 38. Qf1 Nb6 39. Nf3 Qe3 40. Kb4 Nd5+ 41. Kc5 Qf4 42. Kb5 Qb8+ 43. Ka4 Qb2 44. Ka5 Nxc3 0-1

[Event "WchT Seniors 65"]
[Site "Radebeul"]
[Date "2016.07.01"]
[Round "6.5"]
[White "Bondick, Karl Heinz"]
[Black "Baumbach, Friedrich"]
[Result "1/2-1/2"]
[WhiteElo "2055"]
[BlackElo "2193"]
[PlyCount "26"]
[EventDate "2016.06.26"]
[EventType "team-swiss"]
[EventRounds "9"]
[EventCountry "GER"]
[SourceTitle "CBM 173 Extra"]
[Source "ChessBase"]
[SourceDate "2016.08.29"]
[SourceVersion "1"]
[SourceVersionDate "2016.08.29"]
[SourceQuality "1"]
[WhiteTeam "Sachsen Anhalt"]
[BlackTeam "Stiftung BSW/DBAG"]
[WhiteTeamCountry "GER"]
[BlackTeamCountry "GER"]

1. d4 d5 2. c4 e6 3. Nf3 Nf6 4. Bg5 Be7 5. Nc3 0-0 6. Qc2 h6 7. Bxf6 Bxf6 8. e4 dxc4 9. e5 Be7 10. Bxc4 c5 11. dxc5 Qa5 12. 0-0 Qxc5 13. Qe4 g6 1/2-1/2